000 00439nam a2200157Ia 4500
005 20240628041138.0
008 240331s9999 xx 000 0 und d
082 _a100
_bSET
100 _aSettar, S
245 0 _aPursuing death :
_bphilosophy and practice of voluntary termination of life
260 _aDharwad
_bInstitute of Indian Art History
_c1990
300 _axxxi, 414 p .,
650 _aPhilosophy
650 _aHistory
942 _cL
999 _c692
_d692